Witamy w Bibliotece Naukowej Instytutu Łączności!

Prirucka pro stavbu a udrzbu nadzemnich trati / (Rekord nr 4146)

000 -LEADER
fixed length control field 00305 a2200097 4500
100 1# - MAIN ENTRY--PERSONAL NAME
Personal name Chodounsky, J..
Relator term Autor
245 0# - TITLE STATEMENT
Title Prirucka pro stavbu a udrzbu nadzemnich trati /
Statement of responsibility, etc Chodounsky J., Vajgl J..
260 ## - PUBLICATION, DISTRIBUTION, ETC. (IMPRINT)
Place of publication, distribution, etc Praha :
Name of publisher, distributor, etc NADAS,
Date of publication, distribution, etc 1971.
300 ## - PHYSICAL DESCRIPTION
Extent 214 s.;
Dimensions 20 cm.
700 1# - ADDED ENTRY--PERSONAL NAME
Personal name Vajgl, J..
Relator term Autor
710 2# - ADDED ENTRY--CORPORATE NAME
Corporate name or jurisdiction name as entry element NADAS.
Relator term Wydawca
Relator code pbl

Brak dostępnych egzemplarzy.

Działa dzięki Koha